[Event "Reykjavik International"]
[Site "Reykjavik ISL"]
[Date "2007.04.15"]
[Round "5"]
[White "Berg,R"]
[Black "Bergsson,Sn"]
[Result "0-1"]
[WhiteElo "2148"]
[BlackElo "2296"]

1.e4 c5 2.Nf3 e6 3.d4 cxd4 4.Nxd4 Nc6 5.Nc3 Qc7 6.Be2 Nf6 7.O-O a6 8.Be3 Bb4
9.Nxc6 bxc6 10.Bf3 Rb8 11.Na4 Bd6 12.h3 Be5 13.c3 d6 14.Qc2 c5 15.b3 O-O
16.Rad1 Bb7 17.Rfe1 Nd7 18.c4 f5 19.Bc1 Bd4 20.Be3 Bxe3 21.Rxe3 Ne5 22.Qe2 Rf6
23.Nb2 Nxf3+ 24.gxf3 Rg6+ 25.Kh2 d5+ 26.e5 d4 27.Red3 Qe7 28.Rg1 Qh4 29.Rxg6 hxg6
30.Na4 Rc8 31.Nb6 Rc6 32.Na4 Kf7 33.Qd2 Rc8 34.Nxc5 Rh8 35.f4 Bc6 36.Rg3 g5
37.Nxe6 Kxe6 38.Qxd4 Rh6 39.Qd6+ Kf7 40.Qc7+ Ke8 41.Qc8+ Ke7 42.Qc7+ Bd7
43.Qc5+ Ke8 44.fxg5 Rg6 45.e6 Bxe6 46.Qc6+ Kf7 47.Qc7+ Kg8 48.f4 Qh5 49.Qd8+ Kh7
50.Qd2 Qh4 51.Rg2 Bc8 52.Qf2 Qxf2 53.Rxf2 Bb7 54.h4 Rd6 55.c5 Rd4 56.h5 Be4
57.Kg3 Rd3+ 58.Kh2 Rc3 59.b4 a5 60.bxa5 Rxc5 61.Rd2 Rxa5 62.Rd8 Rxa2+ 63.Kh3 Ra8
64.Rd7 Rb8 65.Kh4 Bg2 66.Rd2 Bc6 67.Rd6 Be8 68.Rd5 Rb2 69.h6 Rf2 70.Rd4 gxh6
71.gxh6 Bg6 72.Kg5 Rg2+ 73.Kf6 Rg4 74.Rd7+ Kxh6 75.Rd1 Rxf4 76.Rg1 Bh5 77.Rg8 Kh7
78.Rg7+ Kh8  0-1

[Event "Elitzur Winter"]
[Site "Givataim ISR"]
[Date "2007.04.17"]
[Round "11"]
[White "Popilski,G"]
[Black "Lerner,K"]
[Result "0-1"]
[WhiteElo "2193"]
[BlackElo "2524"]

1.e4 c5 2.Nf3 e6 3.d4 cxd4 4.Nxd4 Nc6 5.Nc3 a6 6.Nxc6 bxc6 7.Bd3 d5 8.O-O Nf6
9.Re1 Be7 10.e5 Nd7 11.Qg4 g6 12.Bh6 Rb8 13.Qh3 Rb4 14.Bg7 Rg8 15.Qxh7 Rxg7
16.Qxg7 Bf8 17.Qg8 Qg5 18.Re3 Nxe5 19.Rae1 Nxd3 20.Rxd3 Rxb2 21.Rf3 Rb7 22.Na4 Qd2
23.Kf1 Qd4 24.Nc3 a5 25.g3 Qg7 26.Qxg7 Bxg7 27.Rb1 Rb4 28.a3 Ba6+ 29.Kg2 Rxb1
30.Nxb1 Ke7 31.h4 f5 32.Rb3 Bb5 33.Nc3 a4 34.Nxa4 Bxa4 35.Rb7+ Kf8 36.Rb8+ Kf7
37.Rb7+ Kg8 38.Rc7 d4 39.f3 Bxc2 40.Rxc6 d3  0-1

[Event "Abierto"]
[Site "Berazategui ARG"]
[Date "2007.04.21"]
[Round "5"]
[White "Blit,J"]
[Black "Alonso,S"]
[Result "1/2-1/2"]
[WhiteElo "2256"]
[BlackElo "2411"]

1.e4 c5 2.Nf3 Nc6 3.d4 cxd4 4.Nxd4 e6 5.Nc3 Qc7 6.Be3 a6 7.g3 b5 8.Bg2 Bb7
9.O-O Nf6 10.Nxc6 Qxc6 11.Re1 Bb4 12.Bd4 O-O 13.Qd3 Rfe8 14.a3 Be7 15.Rad1 d6
16.h3 Nd7 17.f4 Qc7 18.Qe2 Rac8 19.Rf1 Bc6 20.Kh2 Bf8 21.Qf2 a5 22.f5 e5
23.Be3 b4 24.Nd5 Bxd5 25.Rxd5 Qxc2 26.Rxa5 Nf6 27.Qxc2 Rxc2 28.Rf2 Rc4 29.b3 Rc3
30.Bg5 Rxb3 31.Bxf6 gxf6 32.axb4 Rc8 33.Rb5 Bh6 34.Ra2 Be3 35.h4 Kg7 36.Rb7 Bd4
37.Bf1 Rcc3 38.Rg2 Rc1 39.Bb5 Rbb1 40.Kh3 Rxb4 41.Bc6 Rxb7 42.Bxb7  1/2-1/2

[Event "Chess Classic GM"]
[Site "Gausdal NOR"]
[Date "2007.04.21"]
[Round "4"]
[White "Jones,G"]
[Black "Carlsen,M"]
[Result "0-1"]
[WhiteElo "2518"]
[BlackElo "2693"]

1.e4 c5 2.Nc3 e6 3.Nf3 Nc6 4.d4 cxd4 5.Nxd4 Nf6 6.Nxc6 bxc6 7.e5 Nd5 8.Ne4 Bb7
9.c4 Nb4 10.c5 Qb8 11.f4 Ba6 12.a3 Bxf1 13.Rxf1 Nd5 14.Qd4 Be7 15.f5 exf5
16.Rxf5 O-O 17.Bg5 Bxg5 18.Rxg5 Qb3 19.Rg3 Qc2 20.Nf6+ Nxf6 21.exf6 Rfe8+
22.Kf1 g6 23.Qc3 Qe2+ 24.Kg1 Re5 25.Rf1 Rae8 26.b4 Rd5 27.Qf3 Re4 28.h3 h5
29.h4 Kh7 30.Qxe2 Rxe2 31.Rff3 Re1+ 32.Kh2 Re4 33.Rh3 Rdd4 34.Kg1 Kg8 35.Re3 Kf8
36.Rxe4 Rxe4 37.Rd3 Ke8 38.g3 Re6 39.Rf3 d6 40.cxd6 Kd7 41.Kf2 Kxd6 42.a4 Ke5
43.Re3+ Kd5 44.Rd3+ Kc4 45.Rd7 Rxf6+ 46.Ke3 Kxb4 47.Rxa7 c5 48.Rb7+ Kc3 49.a5 Re6+
50.Kf4 c4 51.Rb6 Kd4  0-1

[Event "Abierto"]
[Site "Berazategui ARG"]
[Date "2007.04.22"]
[Round "7"]
[White "Rodriguez Vila,A"]
[Black "Ricardi,P"]
[Result "1-0"]
[WhiteElo "2559"]
[BlackElo "2523"]

1.e4 c5 2.Nc3 Nc6 3.Nge2 e6 4.d4 cxd4 5.Nxd4 Nf6 6.g3 d5 7.Bg2 Be7 8.exd5 exd5
9.Bf4 O-O 10.O-O Qb6 11.Ndb5 Bg4 12.Qd3 d4 13.Bc7 Qa6 14.Ne4 Nxe4 15.Qxe4 Qxb5
16.Qxg4 Qxb2 17.Rab1 Qxa2 18.Rxb7 Qa6 19.Rfb1 Bf6 20.Qe4 Ne7 21.Bb8 Nc8 22.Rxf7 Kxf7
23.Qd5+ Qe6 24.Qxa8 Ne7 25.Qxa7 Rc8 26.Qa4 Qe2 27.Qb3+ Kf8 28.Bd6 Qxc2 29.Qxc2 Rxc2
30.Be4 Rc8 31.Bxh7 Kf7 32.Be4 Ke6 33.Bf4 Nd5 34.Re1 Rc5 35.Bc2+ Kf7 36.Bb3 Kg6
37.Bd2 Nc3 38.Kg2 Rb5 39.Bc4 Rb4 40.Bd3+ Kf7 41.h4 Ra4 42.h5 Ra8 43.Bc4+ Kf8
44.Bf4 Rd8 45.Bc1 Nd5 46.g4 Be7 47.h6 gxh6 48.Bxh6+ Kf7 49.Re5 Kg6 50.Bd2 Ne3+
51.fxe3 dxe3 52.Bxe3 Bf6 53.Re6 Rc8 54.Bd3+ Kf7 55.Bf5 Rb8 56.Rd6 Be5 57.Ra6 Kg7
58.g5 Rb7 59.Kf3  1-0

[Event "Open"]
[Site "Metz FRA"]
[Date "2007.04.22"]
[Round "9"]
[White "Chizelle,B"]
[Black "Bednarich,J"]
[Result "1/2-1/2"]
[WhiteElo "1937"]
[BlackElo "2259"]

1.e4 c5 2.Nf3 Nc6 3.d4 cxd4 4.Nxd4 e6 5.Nc3 Qc7 6.Be2 a6 7.O-O Nf6 8.Kh1 Bb4
9.Qd3 Nxd4 10.Qxd4 Bc5 11.Qd3 b5 12.f4 Bb7 13.e5 Nd5 14.Bf3 Nxc3 15.Qxc3 Rc8
16.Bxb7 Qxb7 17.Qg3 g6 18.c3 h5 19.Qf3 Qxf3 20.Rxf3 Ke7 21.Bd2 d5 22.Be1 Ra8
23.Bh4+ Kd7 24.Bf6 Rhc8 25.Rd1 Bb6 26.h3 Rc4 27.g4 hxg4 28.hxg4 Re4 29.Rd2 Rc8
30.Rh2 Re1+ 31.Kg2 Rg1+ 32.Kh3 Rc4 33.Kh4 d4 34.Kg5 Kc6 35.cxd4 Kd5 36.Be7 Ke4
37.Rhh3 Bxd4 38.Kf6 Rc6 39.g5 Rg4 40.Rf1 Rxf4+ 41.Rxf4+ Kxf4 42.Rh4+ Ke3
43.Bd6 Rc7 44.Be7 Kd3 45.Rh7 Bxe5+ 46.Kxf7 Bxb2 47.Kxe6 Rb7 48.Rh6 Rb6+ 49.Kf7 Kc2
50.Bf6 Bxf6 51.gxf6 g5 52.Kg7 a5 53.f7 Rb7 54.Rb6 Rxf7+ 55.Kxf7 b4 56.Rb5 g4
57.Ke6 g3 58.Rxa5 Kb2 59.Ra4 Kc3 60.Ra8 Kb2 61.Kd5 g2 62.Rg8 g1=Q 63.Rxg1 Kxa2
64.Kc4 b3 65.Rg8 b2 66.Ra8+ Kb1  1/2-1/2

[Event "TCh-ITA"]
[Site "Palermo ITA"]
[Date "2007.04.22"]
[Round "5"]
[White "Ranieri,F"]
[Black "Cherin,D"]
[Result "0-1"]
[WhiteElo "2243"]
[BlackElo "2266"]

1.e4 c5 2.Nf3 e6 3.d4 cxd4 4.Nxd4 Nc6 5.Nc3 Qc7 6.Be2 a6 7.O-O Nf6 8.Be3 Be7
9.f4 d6 10.Bf3 O-O 11.a4 Na5 12.Bf2 Rb8 13.Qd3 Bd7 14.Nd1 Rfc8 15.Ne3 b5
16.axb5 axb5 17.e5 Ne8 18.exd6 Bxd6 19.f5 Bxh2+ 20.Kh1 Nc4 21.fxe6 fxe6 22.Ng4 Bf4
23.Be4 h6 24.Ne2 Bd6 25.Bh7+ Kh8 26.Qg6 Ne5 27.Nxe5 Bxe5 28.Bb6 Qd6 29.Rad1 Qe7
30.Rxd7 Qh4+ 31.Kg1 Bh2+  0-1

[Event "VI It"]
[Site "Sao Jose do Rio Preto ARG"]
[Date "2007.04.24"]
[Round "6"]
[White "Dolezal,C"]
[Black "El Debs,F"]
[Result "1/2-1/2"]
[WhiteElo "2414"]
[BlackElo "2393"]

1.e4 c5 2.Ne2 Nc6 3.Nbc3 e6 4.d4 cxd4 5.Nxd4 Qc7 6.Be2 a6 7.O-O Nf6 8.Kh1 Nxd4
9.Qxd4 Bc5 10.Qd3 b5 11.Bg5 Bb7 12.f4 Bb4 13.Bxf6 gxf6 14.a4 Bxc3 15.bxc3 Rg8
16.g3 f5 17.Bf3 fxe4 18.Bxe4 Bxe4+ 19.Qxe4 Qc6 20.Qxc6 dxc6 21.axb5 cxb5
22.c4 Ke7 23.cxb5 axb5 24.Rxa8 Rxa8 25.Rb1 Rb8 26.Kg2 Rc8 27.Rxb5 Rxc2+ 28.Kh3 Kf6
29.Rh5 Kg6 30.Rg5+ Kf6 31.Rh5  1/2-1/2

[Event "9th Open"]
[Site "Dubai UAE"]
[Date "2007.04.25"]
[Round "4"]
[White "Tolentino,R"]
[Black "Melkumyan,H"]
[Result "1/2-1/2"]
[WhiteElo "2261"]
[BlackElo "2406"]

1.e4 c5 2.Nf3 e6 3.d4 cxd4 4.Nxd4 Nc6 5.Nc3 Qc7 6.Be2 a6 7.O-O Nf6 8.Be3 Bb4
9.Na4 O-O 10.c4 Be7 11.Nxc6 bxc6 12.Nb6 Rb8  1/2-1/2

[Event "Chess Classic Open"]
[Site "Gausdal NOR"]
[Date "2007.04.25"]
[Round "8"]
[White "Greet,A"]
[Black "Oral,T"]
[Result "1/2-1/2"]
[WhiteElo "2428"]
[BlackElo "2543"]

1.e4 c5 2.Nf3 Nc6 3.d4 cxd4 4.Nxd4 e6 5.Nc3 d6 6.Be3 Nf6 7.Qd2 Be7 8.f3 a6
9.g4 O-O 10.O-O-O Nxd4 11.Bxd4 Nd7 12.h4 b5 13.g5 b4 14.Na4 Rb8 15.b3 Qc7
16.Bc4 Ne5 17.Be2 Bb7 18.f4 Nd7 19.Qe3 e5 20.Ba1 exf4 21.Qxf4 Ne5 22.Bd4 Qc6
23.Rhe1 f6 24.Qg3 Bc8  1/2-1/2

[Event "9th Open"]
[Site "Dubai UAE"]
[Date "2007.04.26"]
[Round "5"]
[White "Safarli,E"]
[Black "Kotanjian,T"]
[Result "1/2-1/2"]
[WhiteElo "2463"]
[BlackElo "2560"]

1.e4 c5 2.Nf3 Nc6 3.Nc3 e6 4.d4 cxd4 5.Nxd4 a6 6.g3 Nxd4 7.Qxd4 b5 8.Bg2 Bb7
9.O-O Rc8 10.Re1 Ne7 11.Bf4 Ng6 12.Qa7 Nxf4 13.Qxb7 Nxg2 14.Kxg2 Rc6 15.a4 b4
16.Nd5 Qc8 17.Qxc8+ Rxc8 18.Ne3 Bc5 19.Nc4 Ke7 20.b3 Rhd8 21.Rad1 Kf8 22.Rd3 d6
23.Red1 Ke7 24.R1d2 h5 25.h3 g6 26.g4 hxg4 27.hxg4 e5 28.Rd5 Bd4 29.R5xd4 exd4
30.Rxd4 Rc5 31.Ne3 a5 32.Kf3 Ke6 33.Rd2 Rdc8 34.Ke2 Ke5 35.Kf3 Ke6 36.Ke2 Rc3
37.Kd1 R8c5 38.Nd5 Ke5 39.Nxc3 bxc3 40.Rd3 Kxe4 41.Rxd6 Kf3 42.Rf6+ Kxg4
43.Rxf7 Rd5+ 44.Kc1 Re5 45.Kd1 Rd5+ 46.Kc1 Re5 47.Kd1  1/2-1/2

[Event "President's Cup Rapid"]
[Site "Ankara TUR"]
[Date "2007.04.29"]
[Round "12"]
[White "Haznedaroglu,K"]
[Black "Soylu,S"]
[Result "1-0"]
[WhiteElo "2440"]
[BlackElo "2400"]

1.e4 c5 2.Nf3 e6 3.d4 cxd4 4.Nxd4 Nc6 5.Nc3 a6 6.Be3 Nf6 7.Bd3 Be7 8.O-O O-O
9.h3 b5 10.Nb3 d6 11.a4 b4 12.Ne2 Ne5 13.f4 Nxd3 14.cxd3 Bb7 15.Qd2 a5 16.Ned4 g6
17.Rfc1 Qd7 18.Nb5 Rfc8 19.Rxc8+ Bxc8 20.Rc1 Bd8 21.Bd4 Ba6 22.Bxf6 Bxf6
23.Nc7 Qxa4 24.Nxa8 Qxb3 25.d4 Bb7 26.e5 dxe5 27.dxe5 Bh4 28.Nb6 a4 29.Nd7 Bd5
30.Nf6+ Bxf6 31.exf6 h5 32.f5 Qg3 33.Rc8+ Kh7 34.Rh8+  1-0

[Event "TCh-FRA Top 16"]
[Site "Montpellier FRA"]
[Date "2007.04.29"]
[Round "5"]
[White "Muller,A"]
[Black "Milliet,S"]
[Result "0-1"]
[WhiteElo "2187"]
[BlackElo "2406"]

1.e4 c5 2.Nf3 e6 3.d4 cxd4 4.Nxd4 Nc6 5.Nc3 Qc7 6.Be3 a6 7.Bd3 Nf6 8.O-O Nxd4
9.Bxd4 Bc5 10.Bxc5 Qxc5 11.Qe2 d6 12.Kh1 e5 13.Bc4 Be6 14.Bb3 O-O 15.Rad1 Rac8
16.Rd2 Rfd8 17.Rfd1 h6 18.Qd3 b5 19.Bxe6 fxe6 20.a3 Rc6 21.Kg1 Rb8 22.Qh3 Kf7
23.Qf3 b4 24.axb4 Rxb4 25.Rd3 Ke7 26.b3 Rd4 27.g3 Rc8 28.Na4 Qxc2 29.Rxd4 exd4
30.Rxd4 Qb1+ 31.Rd1 Qxe4 32.Qxe4 Nxe4 33.Rd4 d5 34.f3 Rc1+ 35.Kg2 Rc2+ 36.Kg1 Ng5
37.Rd3 Nh3+ 38.Kf1 Kd6 39.Nc3 Rf2+ 40.Ke1 Rxh2 41.Ne4+ Kc6 42.Rc3+ Kb5 43.Nd2 Rg2
44.f4 g5 45.fxg5 Nxg5 46.Re3 Kc5 47.Rc3+ Kd4 48.Rc6 Kd3 49.Nf1 Nf3+  0-1

[Event "TCh-FRA Top 16"]
[Site "Montpellier FRA"]
[Date "2007.04.29"]
[Round "5"]
[White "Sokolov,And1"]
[Black "Pelletier,Y"]
[Result "1/2-1/2"]
[WhiteElo "2584"]
[BlackElo "2602"]

1.e4 c5 2.Nf3 e6 3.d4 cxd4 4.Nxd4 Nc6 5.Nc3 Qc7 6.Nb3 a6 7.Bd3 Nf6 8.f4 d6
9.Qe2 b5 10.a4 b4 11.Nd1 Be7 12.O-O Bb7 13.Nf2 e5 14.Ng4 O-O 15.Be3 Nxg4
16.Qxg4 exf4 17.Rxf4 Ne5 18.Qg3 d5 19.Nd4 dxe4 20.Bxe4 Rfe8 21.Bxh7+ Kxh7
22.Rxf7 Nf3+ 23.Rxf3 Qxg3 24.Rxg3 Bf6 25.Bf2 Rad8 26.c3 bxc3 27.bxc3 Bd5
28.Re3 Rxe3 29.Bxe3 Rc8 30.Rc1 Rc4 31.a5 Ra4 32.Nf3 Rxa5 33.Bd4 Bxf3 34.gxf3 Bxd4+
35.cxd4 Ra2 36.d5 Kg6 37.d6 Rd2 38.Rc6 a5 39.Ra6 Kh7 40.Kf1 a4 41.Ke1 Rd5
42.Ke2 a3 43.Rxa3  1/2-1/2

[Event "TCh-FRA Top 16"]
[Site "Montpellier FRA"]
[Date "2007.05.01"]
[Round "7"]
[White "Leclair,M"]
[Black "Milliet,S"]
[Result "0-1"]
[WhiteElo "2024"]
[BlackElo "2406"]

1.e4 c5 2.Nf3 e6 3.d4 cxd4 4.Nxd4 Nc6 5.Nc3 Qc7 6.Be2 a6 7.a3 Nf6 8.Nxc6 bxc6
9.O-O d5 10.Bf3 Bd6 11.h3 O-O 12.Re1 a5 13.Be3 Ba6 14.Na4 c5 15.exd5 exd5
16.Bg5 Ne4 17.Bxe4 dxe4 18.Nc3 f5 19.Nd5 Qb7 20.Bf4 Rad8 21.Bg5 Rd7 22.Qd2 h6
23.Bh4 Bc4 24.Rad1 Qxd5 25.Qxd5+ Bxd5 26.Rxd5 Bh2+ 27.Kxh2 Rxd5 28.Kg1 g5
29.Bg3 f4 30.Bh2 Rfd8 31.Kf1 Rd1 32.Bg1 R8d2 33.f3 e3 34.Bxe3 Rxe1+  0-1

[Event "2nd President's Cup"]
[Site "Baku AZE"]
[Date "2007.05.03"]
[Round "1"]
[White "Andreev,Ed UKR"]
[Black "Asgarova,T"]
[Result "1-0"]
[WhiteElo "2433"]
[BlackElo "1998"]

1.e4 c5 2.Nf3 e6 3.d4 cxd4 4.Nxd4 Nc6 5.Nc3 d6 6.Be3 Be7 7.Qd2 Nf6 8.f3 a6
9.g4 Nxd4 10.Bxd4 e5 11.Be3 Be6 12.O-O-O O-O 13.h4 Rc8 14.Kb1 b5 15.h5 Nd7
16.g5 Kh8 17.g6 Qa5 18.h6 fxg6 19.hxg7+ Kxg7 20.Bh6+ Kh8 21.Bh3 Bxh3 22.Bxf8 Bxf8
23.Rxh3 Nf6 24.Rg1 Nh5 25.Rxh5 gxh5 26.Qg5  1-0

[Event "TCh-RUS HL"]
[Site "Sochi RUS"]
[Date "2007.05.04"]
[Round "2"]
[White "Pokazanjev,N"]
[Black "Poluljahov,A"]
[Result "1-0"]
[WhiteElo "2444"]
[BlackElo "2503"]

1.e4 c5 2.Nf3 Nc6 3.d4 cxd4 4.Nxd4 e6 5.Nc3 a6 6.Be3 d6 7.Be2 Nf6 8.O-O Be7
9.f4 O-O 10.Kh1 Bd7 11.Qe1 b5 12.a3 Qc7 13.Rd1 Nxd4 14.Bxd4 Bc6 15.Qg3 Qb7
16.Bd3 Rad8 17.Rde1 b4 18.axb4 Qxb4 19.Ne2 g6 20.Qg5 Nd5 21.Qh6 Nf6 22.Bc3 Qc5
23.Nd4 Bd7 24.Nf3 Qh5 25.Qg5 e5 26.Qxh5 Nxh5 27.fxe5 Bb5 28.Bxb5 axb5 29.Nd4 dxe5
30.Nc6 Bh4 31.g3 Rc8 32.Na7 Rxc3 33.bxc3 Be7 34.Rb1 Ra8 35.Nc6 Bd6 36.Rxb5 Rc8
37.Nxe5 Rxc3 38.Nxf7 Bxg3 39.Rxh5  1-0

[Event "TCh-RUS"]
[Site "Sochi RUS"]
[Date "2007.05.05"]
[Round "4"]
[White "Grischuk,A"]
[Black "Volokitin,And"]
[Result "1-0"]
[WhiteElo "2717"]
[BlackElo "2654"]

1.e4 c5 2.Nf3 e6 3.d4 cxd4 4.Nxd4 Nc6 5.Nc3 a6 6.f3 d5 7.exd5 exd5 8.Be3 Bb4
9.Qd2 Nge7 10.O-O-O O-O 11.a3 Bd6 12.Nxc6 bxc6 13.Na4 Nf5 14.Bf4 c5 15.Bxd6 Qxd6
16.Qxd5 Qf4+ 17.Kb1 Qxa4 18.Qxa8 Ne3 19.Bd3 Bf5 20.Qxa6 Qxa6 21.Bxa6 Bxc2+
22.Kc1 Bxd1 23.Re1 Bxf3 24.gxf3 Nf5 25.Re5 Nd4 26.Bc4 Ne6 27.a4 Ra8 28.b3 Ra5
29.Kb2 Kf8 30.Bxe6 fxe6 31.Rxe6 c4 32.Re4 cxb3 33.Kxb3 Rh5 34.h4 Rf5 35.f4 Rh5
36.Kb4 Rxh4 37.a5 Rh1 38.a6 Kf7 39.Ka5 Rd1 40.a7 Rd8 41.Rb4 Ra8 42.Ka6 Ke6
43.Rb5 Rf8 44.f5+ Kd7 45.Rb7+  1-0

[Event "TCh-RUS HL"]
[Site "Sochi RUS"]
[Date "2007.05.06"]
[Round "4"]
[White "Belikov,V"]
[Black "Ionov,S"]
[Result "1/2-1/2"]
[WhiteElo "2564"]
[BlackElo "2539"]

1.e4 c5 2.Nf3 Nc6 3.Nc3 e6 4.d4 cxd4 5.Nxd4 d6 6.Be3 Nf6 7.Qd2 Be7 8.f3 O-O
9.O-O-O d5 10.exd5 Nxd5 11.Nxd5 Qxd5 12.c4 Qd6 13.Nxc6 Qxc6 14.Qc2 e5 15.Rd5 Qc7
16.Qe4 Bf6 17.Rc5  1/2-1/2

[Event "TCh-RUS HL"]
[Site "Sochi RUS"]
[Date "2007.05.06"]
[Round "4"]
[White "Tseshkovsky,V"]
[Black "Krapivin,A"]
[Result "1/2-1/2"]
[WhiteElo "2517"]
[BlackElo "2486"]

1.e4 c5 2.Nc3 e6 3.Nf3 Nc6 4.d4 cxd4 5.Nxd4 Nf6 6.Nxc6 bxc6 7.e5 Nd5 8.Ne4 c5
9.c4 Nb4 10.g3 Bb7 11.Bg2 Be7 12.O-O O-O 13.Be3 Rb8 14.Nxc5 Bxg2 15.Kxg2 Qb6
16.Nd3 Qc6+ 17.Kg1 Nxd3 18.Qxd3 Rxb2 19.Rfd1 Rb7 20.c5 h6 21.Rab1 Rfb8 22.Rb3 Rxb3
23.axb3 Bxc5 24.Bxc5 Qxc5 25.Qxd7 Rxb3 26.Qe8+ Qf8 27.Rd8 Qxe8 28.Rxe8+ Kh7
29.Re7 Kg8  1/2-1/2

[Event "2nd President's Cup"]
[Site "Baku AZE"]
[Date "2007.05.07"]
[Round "5"]
[White "Andreev,Ed UKR"]
[Black "Balogh,C"]
[Result "1/2-1/2"]
[WhiteElo "2433"]
[BlackElo "2617"]

1.e4 c5 2.Nf3 e6 3.d4 cxd4 4.Nxd4 Nc6 5.Nc3 a6 6.Be3 Nf6 7.Bd3 Qc7 8.O-O Nxd4
9.Bxd4 Bc5 10.Bxc5 Qxc5 11.Qe1 d6 12.Kh1 e5 13.f4 Be6 14.Nd5 Nxd5 15.exd5 Bxd5
16.fxe5  1/2-1/2

[Event "4NCL 2006-07"]
[Site "Wokefield Park ENG"]
[Date "2007.05.07"]
[Round "11"]
[White "Rudd,J"]
[Black "Arakhamia,K"]
[Result "0-1"]
[WhiteElo "2385"]
[BlackElo "2435"]

1.e4 c5 2.Nf3 e6 3.d4 cxd4 4.Nxd4 Nc6 5.Nc3 d6 6.Be3 Nf6 7.f3 Be7 8.Qd2 a6
9.O-O-O O-O 10.g4 Nd7 11.Nb3 b5 12.h4 Nb6 13.Qf2 Rb8 14.Kb1 b4 15.Ne2 Nc4
16.Bc1 Qc7 17.g5 a5 18.h5 a4 19.Nbd4 Qb6 20.Nf4 Na3+ 21.bxa3 bxa3+ 22.Bb5 Nxd4
23.c4 Nxb5 24.Qxb6 Rxb6 25.cxb5 Rxb5+ 26.Kc2 Bxg5 27.Rxd6 Rc5+  0-1

[Event "2nd President's Cup"]
[Site "Baku AZE"]
[Date "2007.05.08"]
[Round "6"]
[White "Hasanov,Shakhr"]
[Black "Sulashvili,M"]
[Result "1-0"]
[WhiteElo "2247"]
[BlackElo "2439"]

1.e4 c5 2.Nf3 e6 3.d4 cxd4 4.Nxd4 Nc6 5.Nc3 Qc7 6.Be2 a6 7.O-O Nf6 8.Kh1 b5
9.Nxc6 dxc6 10.f4 Bb7 11.e5 Nd5 12.Nxd5 cxd5 13.a4 b4 14.f5 exf5 15.Rxf5 g6
16.Rf1 Bg7 17.Bd2 a5 18.Bb5+ Bc6 19.Bxb4 axb4 20.Qxd5 O-O 21.Qxc6 Qxe5 22.Rae1 Qxb2
23.Rxf7 Rxf7 24.Qxa8+ Rf8 25.Qe4 Qd4 26.Bc4+ Kh8 27.Qxd4 Bxd4 28.Rd1 Bc3
29.Bb3 Rf5 30.g3 h5 31.Rd7 Be1 32.Ra7 Bd2 33.Kg2 Be3 34.Rf7 Re5 35.Kf3 g5
36.g4 h4 37.Rf5 Re7 38.a5 Kg7 39.a6 h3 40.Rf7+ Rxf7+ 41.Bxf7 Bg1 42.Bc4 Kf6
43.Ke4 Ke7 44.Kf5 Be3 45.Bf1 Kd6 46.Bxh3 Kc6 47.Bf1 Kb6 48.Kg6 Kc6 49.Kh5 Kd6
50.h4 gxh4 51.Kxh4 Ke5 52.g5 Kf5  1-0

[Event "2nd President's Cup"]
[Site "Baku AZE"]
[Date "2007.05.08"]
[Round "6"]
[White "Aroshidze,L"]
[Black "Rasulov,V"]
[Result "0-1"]
[WhiteElo "2500"]
[BlackElo "2271"]

1.e4 c5 2.Nf3 e6 3.d4 cxd4 4.Nxd4 Nc6 5.Nc3 a6 6.Be2 Nf6 7.O-O Qc7 8.Be3 b5
9.Nxc6 dxc6 10.f4 Bb7 11.e5 Rd8 12.Qe1 Nd7 13.Ne4 c5 14.Ng5 Be7 15.Qh4 Nb6
16.Rad1 Bd5 17.b3 h6 18.Qh3 O-O 19.Nf3 Be4 20.c3 Rxd1 21.Rxd1 Rd8 22.Qg3 Rxd1+
23.Bxd1 Qd7 24.Be2 Nd5 25.Bd2 b4 26.cxb4 cxb4 27.Qe1 Qc7 28.Bc4 Bg6 29.Kh1 a5
30.h3 Nb6 31.Bb5 Qc2 32.Be3 Nd5 33.Qd2 Qe4 34.Bf2 Nxf4 35.Kh2 Bh5 36.Bc6 Qxc6
37.Qxf4 Qc2 38.Qd2 Qe4 39.Qe3 Qd5 40.Bg3 Bg6 41.Qe2 Bc5 42.Nd2 Qd4 43.Nf3 Qd3
44.Qe1 Qc2 45.Qd2 Qb1 46.Qd8+ Kh7 47.Qxa5 Qc1 48.Be1 Bh5 49.Bd2 Qc2 50.Qd8 Bxf3
51.gxf3 Be3  0-1

[Event "ch-LTU"]
[Site "Siauliai LTU"]
[Date "2007.05.08"]
[Round "5"]
[White "Narmontas,M"]
[Black "Zagorskis,D"]
[Result "0-1"]
[WhiteElo "2293"]
[BlackElo "2463"]

1.e4 c5 2.Nf3 e6 3.d4 cxd4 4.Nxd4 Nc6 5.Nc3 Qc7 6.Be3 a6 7.Bd3 Nf6 8.Nxc6 bxc6
9.O-O d5 10.Qe2 Be7 11.f4 c5 12.e5 Nd7 13.f5 Qxe5 14.fxe6 fxe6 15.Rae1 Nf6
16.Qf2 c4 17.Bd4 Qd6 18.Be5 Qc6 19.Be2 Bc5 20.Bd4 Bxd4 21.Qxd4 O-O 22.Bf3 Bd7
23.Re5 Rab8 24.Ne2 Qb6 25.b3 Rfc8 26.Qxb6 Rxb6 27.Nd4 Kf7 28.Rfe1 cxb3 29.axb3 a5
30.g4 h6 31.h4 Rb4 32.Rd1 a4 33.g5 axb3 34.cxb3 hxg5 35.hxg5 Ne8 36.Bg4 Nc7
37.Rf1+ Ke7 38.Rf4 Kd6 39.Re1 Rcb8 40.Rc1 R8b6 41.Bd1 Na6 42.g6 Nc5 43.Ne2 Nd3
44.Rxb4 Rxb4 45.Rc3 Ne5 46.Rg3 Nc6 47.Bc2 e5 48.Rf3 Rg4+ 49.Kf2 e4 50.Rg3 Ke5
51.Ke3 d4+ 52.Kd2 Nb4 53.Bb1 Bf5 54.Rxg4 Bxg4 55.Ng3 e3+ 56.Ke1 d3  0-1

[Event "TCh-RUS HL"]
[Site "Sochi RUS"]
[Date "2007.05.09"]
[Round "7"]
[White "Benza,A"]
[Black "Smirnov,Arte"]
[Result "1-0"]
[WhiteElo "2320"]
[BlackElo "2403"]

1.e4 c5 2.Nf3 Nc6 3.d4 cxd4 4.Nxd4 e6 5.Nc3 Qc7 6.Be3 Nf6 7.f3 a6 8.Qd2 Nxd4
9.Bxd4 Bd6 10.Qg5 Bf8 11.O-O-O h6 12.Qe3 e5 13.Bb6 Qc6 14.Nd5 Nxd5 15.exd5 Qf6
16.Re1 d6 17.f4 Bg4 18.fxe5 dxe5 19.h3 Bc8 20.Qxe5+ Qxe5 21.Rxe5+ Kd7 22.c4 Bd6
23.Re4 Re8 24.Bd3 Rxe4 25.Bxe4 Ke8 26.c5 Bf4+ 27.Kb1 Bd7 28.c6 bxc6 29.dxc6 Be6
30.c7 Rc8 31.Bb7 Rxc7 32.Bxc7 Bxc7 33.Bxa6 Bd5 34.Re1+ Kd7 35.Bf1 f5 36.b4 g5
37.Kb2 Bg3 38.Rd1 Be5+ 39.Kc2 Ke6 40.a4 Be4+ 41.Kb3 Bb7 42.a5  1-0

[Event "Mitropa Cup Men"]
[Site "Szeged HUN"]
[Date "2007.05.09"]
[Round "2"]
[White "Borisek,J"]
[Black "Kurmann,O"]
[Result "1-0"]
[WhiteElo "2519"]
[BlackElo "2433"]

1.e4 c5 2.Nf3 e6 3.d4 cxd4 4.Nxd4 Nc6 5.Nc3 a6 6.f3 d5 7.exd5 exd5 8.Be3 Bb4
9.Qd2 Nge7 10.a3 Bd6 11.O-O-O O-O 12.Nxc6 bxc6 13.Na4 Rb8 14.Ba7 Rb7 15.Bc5 Rb8
16.Qc3 Bf4+ 17.Kb1 Re8 18.Bd3 Nf5 19.Rhe1 f6 20.Ba7 Rb7 21.Bb6 Rxe1 22.Rxe1 Qf8
23.Qxc6 Ne7 24.Qc5 Rd7 25.Qb4 Bd6 26.Bc5 Nc6 27.Bxd6 Nxb4 28.Bxf8 Nxd3 29.Re8  1-0

[Event "2nd President's Cup"]
[Site "Baku AZE"]
[Date "2007.05.10"]
[Round "8"]
[White "Zozulia,A"]
[Black "Agasiyev,Ka"]
[Result "1-0"]
[WhiteElo "2344"]
[BlackElo "2194"]

1.e4 c5 2.Nf3 e6 3.d4 cxd4 4.Nxd4 Nc6 5.Nc3 Qc7 6.Be3 Nf6 7.Be2 Bb4 8.Nb5 Qb8
9.a3 Be7 10.O-O O-O 11.f4 a6 12.Nd4 Bc5 13.Kh1 Qa7 14.Nxc6 dxc6 15.Bxc5 Qxc5
16.e5 Nd5 17.Ne4 Qb6 18.Rf3 Rd8 19.Rd3 Bd7 20.Qd2 Qxb2 21.Rd1 b5 22.Rb3 Qa2
23.Nc3 Nxc3 24.Qxc3 c5 25.Ra1 b4 26.axb4 cxb4 27.Rxb4  1-0

[Event "Mitropa Cup Women"]
[Site "Szeged HUN"]
[Date "2007.05.11"]
[Round "4"]
[White "Hodova,L"]
[Black "Hoolt,S"]
[Result "1-0"]
[WhiteElo "2074"]
[BlackElo "2226"]

1.e4 c5 2.Nf3 e6 3.d4 cxd4 4.Nxd4 Nc6 5.Nc3 Qc7 6.Nxc6 bxc6 7.Bd3 Nf6 8.O-O Be7
9.Qe2 d5 10.b3 d4 11.Na4 O-O 12.c4 c5 13.e5 Nd7 14.Bf4 Bb7 15.Rfe1 Rfe8 16.Rad1 a5
17.Nb2 Bc6 18.Be4 Nf8 19.Bxc6 Qxc6 20.Rd3 Ng6 21.Bd2 f6 22.Rh3 fxe5 23.Qh5 Nf8
24.Nd3 Bf6 25.Nxe5 Bxe5 26.Rxe5 a4 27.Re1 axb3 28.axb3 e5 29.Rg3 Ra2 30.Bg5 e4
31.h4 Ng6 32.Qg4 Ne5 33.Qf5 Nd3 34.Bf6 g6 35.Rxg6+  1-0

[Event "25th Liechtenstein Open"]
[Site "Triesen LIE"]
[Date "2007.05.11"]
[Round "1"]
[White "Arakhamia,K"]
[Black "Boegli,U"]
[Result "1-0"]
[WhiteElo "2435"]
[BlackElo "2041"]

1.e4 c5 2.Nf3 e6 3.d4 cxd4 4.Nxd4 Nc6 5.Nc3 a6 6.Be3 Nf6 7.Qd2 Bb4 8.f3 Qc7
9.g4 h6 10.O-O-O d5 11.a3 Nxd4 12.Bxd4 Bxc3 13.Bxc3 dxe4 14.g5 hxg5 15.Qxg5 Nh5
16.fxe4 Qf4+ 17.Qxf4 Nxf4 18.Bxg7 Rg8 19.Be5 Ng6 20.Bf6 Bd7 21.h4 Nf8 22.Bd3 Nh7
23.Bc3 f6 24.Rhg1 Rxg1 25.Rxg1 Kf7 26.Be2 Rh8 27.Bh5+ Ke7 28.e5 f5 29.Ba5 Bc6
30.Rg7+ Kf8 31.Rc7 Bd5 32.Bb4+ Kg8 33.Bf7+  1-0

[Event "Mitropa Cup Women"]
[Site "Szeged HUN"]
[Date "2007.05.13"]
[Round "6"]
[White "Borosova,Z"]
[Black "Hoolt,S"]
[Result "1-0"]
[WhiteElo "2206"]
[BlackElo "2226"]

1.e4 c5 2.Nf3 e6 3.d4 cxd4 4.Nxd4 Nc6 5.Nc3 Qc7 6.Be2 a6 7.O-O Nf6 8.Be3 Bb4
9.Na4 Be7 10.Nxc6 bxc6 11.Nb6 Rb8 12.Nxc8 Qxc8 13.e5 Nd5 14.Bc1 Bc5 15.c4 Ne7
16.b3 Qc7 17.Bb2 Nf5 18.Bf3 Ke7 19.Be4 g6 20.Qd2 h5 21.Rad1 h4 22.Qg5+ Kf8
23.Rd3 Rh5 24.Qd2 Ke8 25.Rd1 Rb7 26.Rxd7 Qxd7 27.Bxc6 Nd4 28.Bxd7+ Rxd7 29.Kf1 Rxe5
30.b4 Re2 31.Qc1 Rxf2+ 32.Kxf2 Nb3+ 33.bxc5 Nxc1 34.Rxd7 Kxd7 35.Bxc1 Kc6
36.Ke3 Kxc5 37.Kd3 f5 38.h3 e5 39.Ba3+ Kc6 40.Be7  1-0

[Event "25th Liechtenstein Open"]
[Site "Triesen LIE"]
[Date "2007.05.14"]
[Round "4"]
[White "Froewis,A"]
[Black "Gorse,G"]
[Result "0-1"]
[WhiteElo "1835"]
[BlackElo "2058"]

1.e4 c5 2.Nf3 e6 3.d4 cxd4 4.Nxd4 Nc6 5.Nc3 d6 6.Be3 Nf6 7.Be2 Be7 8.Qd2 O-O
9.O-O-O d5 10.exd5 Nxd5 11.Nxd5 Qxd5 12.Kb1 e5 13.Nf5 Qxd2 14.Nxe7+ Nxe7
15.Rxd2 Be6 16.Rhd1 Nf5 17.Bc5 Rfe8 18.Bb5 Rec8 19.a3 g6 20.Bb4 Nd4 21.Bd3 f6
22.Be4 Nc6 23.Bc3 Kf7 24.h3 a5 25.Bd5 Rc7 26.g4 b6 27.Rd3 Rac8 28.R3d2 Bxd5
29.Rxd5 Ne7 30.R5d3 Nc6 31.Rd5 Ne7 32.R5d3 Rc4 33.f3 g5 34.R1d2 R8c7 35.Rd6 R7c6
36.R6d3 Rc7 37.Rd6 R4c6 38.R6d3 Ke6 39.Rh2 Ng6 40.Be1 Nf4 41.Rdd2 Ng6 42.h4 h6
43.h5 Nf4 44.Bg3 Rd7 45.Bxf4 gxf4 46.Rxd7 Kxd7 47.Kc1 Ke6 48.Rg2 e4 49.fxe4 Ke5
50.Re2 f3 51.Re1 Kf4 52.Kd2 Rd6+ 53.Kc3 f2  0-1